1650 1103 1344 1471 1289 1367 1862 1409 1970 1589 1888 1005 1115 1850 1216 1682 1301 1921 1781 1307 1263 1786 1746 1418 1918 1855 1861 1481 1557 1957 1815 1639 1423 1762 1951 1273 1743 1338 1254 1203 1763 1978 1918 1599 1791 1247 1193 1723 1445 1820 1554 1609 1153 1785 1702 1580 1045 1088 1016 1437 1242 1414 1569 1052 1621 1409 1966 1471 1965 1527 1244 1131 1664 1253 1907 1489 1373 1585 1038 1957 1510 1835 1383 1594 1562 1014 1227 1097 1365 1573 1039 1421 1965 1356 1644 1663 1678 1629 1803 BCNSPRNW ULIB Ver.6.0+V

เปลี่ยนเป็นภาษาไทย

Change to English
 แสดงรายละเอียดบรรณานุกรม
  กลับหน้าหลัก

Brief Record : Get Marc (ISO 2709) : E-mail record : QR code < ปิดหน้าต่าง
LEADER : 00000nam 2200000uu 4500
001    13399124173
003     ULIB
008    020711s2550 th a 000 0 tha d
020    9789749557648
099    นว.อ734ล
100    อินตรา
245    ละครนี้มีรัก
260     ^bม.ป.ท.,^c2550
945    ^p340^l0^i022036
รายการนี้ยังไม่มีแท็ก
คุณยังไม่ได้ล็อกอิน คุณสามารถมีกิจกรรมร่วมกับเว็บไซต์ได้ แต่ต้องล็อกอินก่อน ::
  ล็อกอิน

รายการสื่อสารสนเทศ

ลำดับที่ ประเภท เลขเรียก/บาร์โค้ด สถานที่ สถานะ
1. นวนิยาย
นวนิยาย
นว.อ734ล ฉ.1 
  Barcode: 022036
ห้องสมุดวิทยาเขตสวรรค์ประชารักษ์
►นวนิยาย
บนชั้น
  ขอยืม

BibComment


ยังไม่เคยถูกคอมเมนท์

คอมเมนท์ทรัพยากรรายการนี้
  คอมเมนท์: ละครนี้มีรัก


 Copyright 2026. Bcnsprnw @Library